000 00468nam a22001817a 4500
003 MPLRDC
005 20220104172519.0
008 210129b ||||| |||| 00| 0 eng d
020 _a0-00-363353-X
082 _a859.6 BLY-17 v.5
100 _aENID BLYTON'S
245 _aENID BLYTON'S BEDTIME BOOK, VOLUMN 5
_c
260 _a
_bGRANADA
_c
300 _b
490 _aENID BLYTON'S BEDTIME BOOK
650 _aCHILDREN LITERATURE
942 _cBK
_o859.6 BLY-17 v.5
999 _c58988
_d58978